Music discourse from classical to early modern times : editing and translating texts : papers given at the Twenty-sixth Annual Conference on Editorial Problems, University of Toronto, 19-20 October 1990 /

Bibliographic Details
Corporate Author: Conference on Editorial Problems University of Toronto
Other Authors: Maniates, Maria Rika, 1937-
Format: Conference Proceeding Book
Language:English
Published: Toronto : University of Toronto Press, [1997]
Subjects:

MARC

Tag First Indicator Second Indicator Subfields
LEADER 00000cam a2200000 a 4500
001 in00001402379
005 20151020055339.0
008 970211s1997 oncaf b 100 0 eng d
010 |a cn 97930481  
015 |a C97-930481-4 
020 |a 0802009727 
035 |a (OCoLC)36695787 
035 |9 AHN4248AM 
040 |a CaOTU  |b eng  |c NLC  |d NOC  |d UtOrBLW 
049 |a TXAM 
055 0 1 |a ML3797 
055 3 |a ML3797  |b .C65 1990 
055 0 0 |a ML3797  |b C748 1997 
082 0 0 |a 418/.02  |2 21 
090 |a PN162  |b .C62 1990 
111 2 |a Conference on Editorial Problems  |n (26th :  |d 1990 :  |c University of Toronto) 
245 1 0 |a Music discourse from classical to early modern times :  |b editing and translating texts : papers given at the Twenty-sixth Annual Conference on Editorial Problems, University of Toronto, 19-20 October 1990 /  |c edited by Maria Rika Maniates. 
264 1 |a Toronto :  |b University of Toronto Press,  |c [1997] 
264 4 |c ©1997 
300 |a x, 148 pages, 6 unnumbered pages of plates :  |b illustrations ;  |c 24 cm. 
336 |a text  |b txt  |2 rdacontent 
337 |a unmediated  |b n  |2 rdamedia 
338 |a volume  |b nc  |2 rdacarrier 
504 |a Includes bibliographical references. 
650 0 |a Musicology  |v Congresses. 
650 0 |a Editing  |v Congresses. 
650 0 |a Music  |x History and criticism  |v Early works to 1800  |x Translating  |v Congresses. 
650 0 |a Music theory  |v Early works to 1800  |x Translating  |v Congresses. 
650 6 |a Musicologie  |x Congrès. 
650 6 |a Édition  |x Congrès. 
650 6 |a Musique  |x Histoire et critique  |x Ouvrages avant 1800  |x Traduction  |x Congrès. 
650 6 |a Musique  |x Théorie  |x Ouvrages avant 1800  |x Traduction  |x Congrès. 
700 1 |a Maniates, Maria Rika,  |d 1937- 
948 |a c:en 
999 |a MARS 
999 f f |s a7e57b27-c3f9-3cad-a94d-460726d82f2b  |i df7a827c-fb7b-3351-b905-d0d59a6c3917  |t 0 
952 f f |p ric  |a Texas A&M University  |b Rellis Campus  |c Joint Library Facility  |d Remote Storage  |t 0  |e PN162 .C62 1990  |h Library of Congress classification  |i unmediated -- volume  |m A14823436722 
998 f f |a PN162 .C62 1990  |t 0  |l Remote Storage